<?xml version="1.0" encoding="UTF-8"?>
<record
    xmlns:xsi="http://www.w3.org/2001/XMLSchema-instance"
    xsi:schemaLocation="http://www.loc.gov/MARC21/slim http://www.loc.gov/standards/marcxml/schema/MARC21slim.xsd"
    xmlns="http://www.loc.gov/MARC21/slim">

  <leader>01318cam a2200337 i 4500</leader>
  <datafield tag="999" ind1=" " ind2=" ">
    <subfield code="c">1623</subfield>
    <subfield code="d">1623</subfield>
  </datafield>
  <controlfield tag="001">3209593</controlfield>
  <controlfield tag="003">OSt</controlfield>
  <controlfield tag="005">20210629080550.0</controlfield>
  <controlfield tag="008">780802s1979    ne af    b    001 0 eng  </controlfield>
  <datafield tag="010" ind1=" " ind2=" ">
    <subfield code="a">   78013216 </subfield>
  </datafield>
  <datafield tag="020" ind1=" " ind2=" ">
    <subfield code="a">0720406560</subfield>
  </datafield>
  <datafield tag="040" ind1=" " ind2=" ">
    <subfield code="a">DLC</subfield>
    <subfield code="c">DLC</subfield>
    <subfield code="d">DLC</subfield>
  </datafield>
  <datafield tag="050" ind1="0" ind2="0">
    <subfield code="a">QP261</subfield>
    <subfield code="b">.H85 1979</subfield>
  </datafield>
  <datafield tag="060" ind1=" " ind2=" ">
    <subfield code="a">W1 HU462 v. 3</subfield>
    <subfield code="a">WP540 H918</subfield>
  </datafield>
  <datafield tag="082" ind1="0" ind2="0">
    <subfield code="a">612/.62</subfield>
    <subfield code="2">19</subfield>
  </datafield>
  <datafield tag="245" ind1="0" ind2="0">
    <subfield code="a">Human ovulation :</subfield>
    <subfield code="b">mechanisms, prediction, detection, and induction /</subfield>
    <subfield code="c">editor, E. S. E. Hafez.</subfield>
  </datafield>
  <datafield tag="260" ind1=" " ind2=" ">
    <subfield code="a">Amsterdam ;</subfield>
    <subfield code="a">New York :</subfield>
    <subfield code="b">North-Holland Pub. Co. ;</subfield>
    <subfield code="a">New York :</subfield>
    <subfield code="b">sole distributors for the U.S.A. and Canada, Elsevier North-Holland,</subfield>
    <subfield code="c">1979.</subfield>
  </datafield>
  <datafield tag="300" ind1=" " ind2=" ">
    <subfield code="a">xxii, 546 p., [3] leaves of plates :</subfield>
    <subfield code="b">ill. ;</subfield>
    <subfield code="c">25 cm.</subfield>
  </datafield>
  <datafield tag="440" ind1=" " ind2="0">
    <subfield code="a">Human reproductive medicine ;</subfield>
    <subfield code="v">v. 3</subfield>
  </datafield>
  <datafield tag="500" ind1=" " ind2=" ">
    <subfield code="a">"The sixth C.S. Mott Center symposium held in April, 1977, at Wayne State University, School of Medicine, Detroit, Michigan."</subfield>
  </datafield>
  <datafield tag="504" ind1=" " ind2=" ">
    <subfield code="a">Includes bibliographies and index.</subfield>
  </datafield>
  <datafield tag="650" ind1=" " ind2="0">
    <subfield code="a">Ovulation.</subfield>
  </datafield>
  <datafield tag="650" ind1=" " ind2="0">
    <subfield code="a">Human reproduction.</subfield>
  </datafield>
  <datafield tag="650" ind1=" " ind2="2">
    <subfield code="a">Ovulation.</subfield>
  </datafield>
  <datafield tag="650" ind1=" " ind2="2">
    <subfield code="a">Ovulation detection.</subfield>
  </datafield>
  <datafield tag="650" ind1=" " ind2="2">
    <subfield code="a">Ovulation induction.</subfield>
  </datafield>
  <datafield tag="700" ind1="1" ind2=" ">
    <subfield code="a">Hafez, E. S. E.</subfield>
    <subfield code="q">(Elsayed Saad Eldin),</subfield>
    <subfield code="d">1922-</subfield>
  </datafield>
  <datafield tag="710" ind1="2" ind2=" ">
    <subfield code="a">C.S. Mott Center for Human Growth and Development.</subfield>
  </datafield>
  <datafield tag="906" ind1=" " ind2=" ">
    <subfield code="a">7</subfield>
    <subfield code="b">cbc</subfield>
    <subfield code="c">orignew</subfield>
    <subfield code="d">1</subfield>
    <subfield code="e">ocip</subfield>
    <subfield code="f">19</subfield>
    <subfield code="g">y-gencatlg</subfield>
  </datafield>
  <datafield tag="942" ind1=" " ind2=" ">
    <subfield code="2">lcc</subfield>
    <subfield code="c">BK</subfield>
    <subfield code="n">SO</subfield>
  </datafield>
  <datafield tag="952" ind1=" " ind2=" ">
    <subfield code="0">0</subfield>
    <subfield code="1">0</subfield>
    <subfield code="2">lcc</subfield>
    <subfield code="4">0</subfield>
    <subfield code="7">0</subfield>
    <subfield code="a">MLIB</subfield>
    <subfield code="b">MLIB</subfield>
    <subfield code="c">OS</subfield>
    <subfield code="d">2021-06-29</subfield>
    <subfield code="l">0</subfield>
    <subfield code="o">QP261 .H85 1979</subfield>
    <subfield code="p">28002010</subfield>
    <subfield code="r">2021-06-29</subfield>
    <subfield code="w">2021-06-29</subfield>
    <subfield code="y">BK</subfield>
    <subfield code="z">SO</subfield>
  </datafield>
</record>
